| Tag |
First Indicator |
Second Indicator |
Subfields |
| LEADER |
00000cam a22000004a 4500 |
| 001 |
in00002539607 |
| 005 |
20151113134616.0 |
| 008 |
090605s2010 nyua b 001 0deng |
| 010 |
|
|
|a 2009022696
|
| 020 |
|
|
|a 9780415803915 (hardback : alk. paper)
|
| 020 |
|
|
|a 0415803918 (hardback : alk. paper)
|
| 020 |
|
|
|a 9780415803922 (pbk. : alk. paper)
|
| 020 |
|
|
|a 0415803926 (pbk. : alk. paper)
|
| 020 |
|
|
|a 9780203864333 (ebook)
|
| 020 |
|
|
|a 0203864336 (ebook)
|
| 029 |
1 |
|
|a CDX
|b 10308197
|
| 029 |
1 |
|
|a CDX
|b 10338020
|
| 035 |
|
|
|a (OCoLC)ocn298781487
|
| 035 |
|
|
|a (OCoLC)298781487
|
| 040 |
|
|
|a DLC
|c DLC
|d YDX
|d YDXCP
|d CDX
|d UtOrBLW
|
| 043 |
|
|
|a n-us---
|
| 049 |
|
|
|a TXAM
|
| 050 |
0 |
0 |
|a E185.96
|b .A455 2010
|
| 082 |
0 |
0 |
|a 324.973
|2 22
|
| 245 |
0 |
0 |
|a African Americans and the presidency :
|b the road to the White House /
|c edited by Bruce A. Glasrud and Cary D. Wintz.
|
| 264 |
|
1 |
|a New York, NY :
|b Routledge,
|c 2010.
|
| 300 |
|
|
|a xv, 248 pages :
|b illustrations ;
|c 24 cm.
|
| 336 |
|
|
|a text
|b txt
|2 rdacontent
|
| 337 |
|
|
|a unmediated
|b n
|2 rdamedia
|
| 338 |
|
|
|a volume
|b nc
|2 rdacarrier
|
| 504 |
|
|
|a Includes bibliographical references and index.
|
| 505 |
0 |
|
|a Introduction: The African American quest for the presidency / Bruce A. Glasrud and Cary D. Wintz -- Beginning the trek : Douglass, Bruce, Black conventions, independent political parties / Bruce A. Glasrud -- The Communist Party of the United States and African American political candidates / David Cullen and Kyle G. Wilkison -- Charlotta A. Bass : win or lose, we win / Carolyn Wedin -- Shirley Chisholm : a catalyst for change / Maxine D. Jones -- The Socialist Workers Party and African Americans / Dwonna Naomi Goldstone -- Civil rights activists and the reach for political power / Jean Van Delinder -- Jesse Jackson : run, Jesse, run! / James M. Smallwood -- Lenora Branch Fulani : challenging the rules of the game / Omar H. Ali -- Race activists and fringe parties with a message / Charles Orson Cook -- Black politicians : paving the way / Hanes Walton, Jr. ... [et at.] -- Colin Powell : the candidate who wasn't / Cary D. Wintz -- Barack Hussein Obama: an inspiration of hope, an agent for change / Paul Finkelman.
|
| 650 |
|
0 |
|a African American presidential candidates
|x History.
|
| 650 |
|
0 |
|a African American vice-presidential candidates
|x History.
|
| 650 |
|
0 |
|a Presidents
|z United States
|x Election
|x History.
|
| 651 |
|
0 |
|a United States
|x Politics and government.
|
| 650 |
|
0 |
|a African Americans
|x Politics and government.
|
| 651 |
|
0 |
|a United States
|x Race relations.
|
| 700 |
1 |
|
|a Glasrud, Bruce A.
|
| 700 |
1 |
|
|a Wintz, Cary D.,
|d 1943-
|
| 938 |
|
|
|a Coutts Information Services
|b COUT
|n 10338020
|c 19.99 GBP
|
| 938 |
|
|
|a YBP Library Services
|b YANK
|n 3055413
|
| 945 |
|
|
|a PromptCat
|b 875954
|
| 946 |
|
|
|a stk
|
| 947 |
|
|
|a A14840033676
|
| 994 |
|
|
|a 92
|b TXA
|
| 948 |
|
|
|a cataloged
|b h
|d 2010/1/13
|h c
|e asalazar
|f 4:22:32 pm
|
| 999 |
|
|
|a MARS
|
| 999 |
f |
f |
|s fbc6bb75-3cc7-33ea-a40d-b34f60ef77cf
|i 584b70c2-9f87-3eda-9283-bec73acd097b
|t 0
|
| 952 |
f |
f |
|p ric
|a Texas A&M University
|b Rellis Campus
|c Joint Library Facility
|d Remote Storage
|t 0
|e E185.96 .A455 2010
|h Library of Congress classification
|i unmediated -- volume
|m A14840033676
|
| 998 |
f |
f |
|a E185.96 .A455 2010
|t 0
|l Remote Storage
|